书目信息 |
| 题名: |
中国现代文学人物描写辞典
|
|
| 作者: | 王晓玉 编 | |
| 分册: | ||
| 出版信息: | 福州 海峡文艺出版社 1988.3 |
|
| 页数: | 452页 | |
| 开本: | 19cm | |
| 丛书名: | ||
| 单 册: | ||
| 中图分类: | I042-61 | |
| 科图分类: | ||
| 主题词: | 文学创作--人物形象--名词术语 , 文学创作--人物形象--词典 , 文学创作--人物形象--百科全书 | |
| 电子资源: | ||
| ISBN: | 7-80534-025-0 | |
| 000 | 00736nam0 2200241 45 | |
| 001 | 0188005180 | |
| 005 | 20050324162937.6 | |
| 010 | @a7-80534-025-0@dCNY3.80 | |
| 020 | @aCN@b88005180 | |
| 100 | @a19910411d1988 m y0chiy0120 ea | |
| 101 | 0 | @achi |
| 102 | @aCN@b350000 | |
| 105 | @ay de 000yy | |
| 200 | 10 | @a中国现代文学人物描写辞典@Azhong guo xian dai wen xue ren wu miao xie ci dian@f王晓玉等编@Fwang xiao yu deng bian |
| 210 | @a福州@c海峡文艺出版社@d1988.3 | |
| 215 | @a452页@d19cm | |
| 606 | 0 | @a文学创作@x人物形象@x名词术语 |
| 606 | 0 | @a文学创作@x人物形象@x词典 |
| 606 | 0 | @a文学创作@x人物形象@x百科全书 |
| 690 | @aI042-61@v3 | |
| 701 | 0 | @a王晓玉@4编 |
| 801 | 0 | @aCN@bNLC@c19910411 |
| 905 | @dI042-61@e98@f1@b209266 | |
| 中国现代文学人物描写辞典/王晓玉等编.-福州:海峡文艺出版社,1988.3 |
| 452页;19cm |
| ISBN 7-80534-025-0:CNY3.80 |
| ● |
| 相关链接 |
|
|
|
|
正题名:中国现代文学人物描写辞典
索取号:I042-61/98
 
预约/预借
| 序号 | 登录号 | 条形码 | 馆藏地/架位号 | 状态 | 备注 |
| 1 | 0209265 | 000905275 | 第二借阅区/ [索取号:I042-61/98] | 在馆 | |
| 2 | 0209266 | 002018587 | 第二借阅区/ [索取号:I042-61/98] | 在馆 | |
| 3 | 0209267 | 202068895 | 第一样本阅览室/ [索取号:I042-61/98] | 在馆 |